[Event "Steyr Landesliga 1920"]
[Site "Austria"]
[Date "2019.12.07"]
[Round "6.7"]
[White "Strallhofer, Hermann"]
[Black "Fahrner, Simon"]
[Result "1-0"]
[WhiteElo "2051"]
[BlackElo "1445"]
[PlyCount "47"]
[EventDate "2019.09.28"]
[EventType "team-tourn"]
[EventRounds "11"]
[EventCountry "AUT"]
[SourceTitle "CBM 194 Extra"]
[Source "ChessBase"]
[SourceDate "2020.03.31"]
[SourceVersion "1"]
[SourceVersionDate "2020.03.31"]
[SourceQuality "1"]
[WhiteTeam "Leoben"]
[BlackTeam "Graz Austria"]
[WhiteTeamCountry "AUT"]
[BlackTeamCountry "AUT"]

1. e4 e5 2. Nf3 Nc6 3. Nc3 Nf6 4. d3 h6 5. Be2 Bb4 6. Bd2 d6 7. a3 Ba5 8. 0-0 0-0 9. b4 Bb6 10. Na4 Nd4 11. Nxd4 Bxd4 12. c3 Bb6 13. Nxb6 axb6 14. f4 Qe7 15. Bf3 Nh7 16. f5 Bd7 17. Qe1 Ng5 18. Qg3 Nxf3+ 19. Rxf3 Qf6 20. h4 Kh7 21. Bg5 hxg5 22. hxg5 Qe7 23. Qh4+ Kg8 24. Rh3 1-0

[Event "Steyr Landesliga 1314"]
[Site "Austria"]
[Date "2013.12.07"]
[Round "5.8"]
[White "Rauchlahner, Robert Jr"]
[Black "Fahrner, Simon"]
[Result "1/2-1/2"]
[WhiteElo "1777"]
[BlackElo "1478"]
[PlyCount "93"]
[EventDate "2013.09.28"]
[EventType "team-tourn"]
[EventRounds "11"]
[EventCountry "AUT"]
[SourceTitle "EXT 2015"]
[Source "ChessBase"]
[SourceDate "2014.11.20"]
[SourceVersion "1"]
[SourceVersionDate "2014.11.20"]
[SourceQuality "1"]
[WhiteTeam "Leoben"]
[BlackTeam "Graz Austria"]
[WhiteTeamCountry "AUT"]
[BlackTeamCountry "AUT"]

1. d4 d6 2. Nf3 Nd7 3. c4 e5 4. b3 Ngf6 5. Bb2 exd4 6. Qxd4 Nc5 7. Nbd2 Be7 8. e3 b6 9. Be2 Bb7 10. g4 Ne6 11. Qc3 Nxg4 12. Rg1 Bf6 13. Nd4 Nh6 14. Qc2 Nxd4 15. exd4 Qe7 16. 0-0-0 0-0 17. Bd3 g6 18. f4 Rae8 19. f5 Kh8 20. d5 gxf5 21. Rge1 Qd8 22. Bxf5 Nxf5 23. Qxf5 Bxb2+ 24. Kxb2 Rxe1 25. Rxe1 Bc8 26. Qf4 f5 27. Qd4+ Rf6 28. Nf3 Kg8 29. Qh4 Qf8 30. Ng5 h6 31. Ne6 Bxe6 32. Rxe6 Kg7 33. Qg3+ Kh7 34. Re2 Qg7 35. Qxg7+ Kxg7 36. Kc3 Kf7 37. Kd4 Rg6 38. Ke3 Kf6 39. Kf3 Rg7 40. Re6+ Kg5 41. Re2 h5 42. Rg2+ Kf6 43. Rxg7 Kxg7 44. Kf4 Kf6 45. h4 a6 46. a3 Kg6 47. Kf3 1/2-1/2

[Event "Steyr Landesliga 1314"]
[Site "Austria"]
[Date "2013.10.19"]
[Round "2.8"]
[White "Fahrner, Simon"]
[Black "Calovi, Luca"]
[Result "1/2-1/2"]
[WhiteElo "1478"]
[BlackElo "1605"]
[PlyCount "104"]
[EventDate "2013.09.28"]
[EventType "team-tourn"]
[EventRounds "11"]
[EventCountry "AUT"]
[SourceTitle "EXT 2015"]
[Source "ChessBase"]
[SourceDate "2014.11.20"]
[SourceVersion "1"]
[SourceVersionDate "2014.11.20"]
[SourceQuality "1"]
[WhiteTeam "Graz Austria"]
[BlackTeam "Graz Styria"]
[WhiteTeamCountry "AUT"]
[BlackTeamCountry "AUT"]

1. e4 e5 2. Nf3 Nc6 3. Bb5 a6 4. Bxc6 dxc6 5. 0-0 Bg4 6. d3 Qf6 7. Nbd2 0-0-0 8. h3 Bxf3 9. Nxf3 h6 10. b3 Bd6 11. Bb2 Ne7 12. Qd2 Qe6 13. Qe3 b6 14. Rad1 f6 15. d4 g5 16. dxe5 Bxe5 17. Nxe5 fxe5 18. Qe2 Kb7 19. Qg4 Qxg4 20. hxg4 Ng6 21. g3 Rhe8 22. Kg2 Rd6 23. Rd3 Ree6 24. Kf3 c5 25. Ke3 Kc6 26. Rh1 Ne7 27. f4 exf4+ 28. gxf4 Rxd3+ 29. cxd3 Nd5+ 30. Kd2 Nxf4 31. Bg7 Rd6 32. Rxh6 Rxh6 33. Bxh6 Ne6 34. Ke3 Kd6 35. Bxg5 Nxg5 36. Kf4 Ne6+ 37. Kf5 b5 38. g5 Nxg5 39. Kxg5 Ke5 40. Kg4 c4 41. Kf3 cxb3 42. axb3 c5 43. Ke3 a5 44. Kd2 Kd4 45. Kc2 a4 46. bxa4 bxa4 47. Kb1 a3 48. Ka2 Kxd3 49. e5 c4 50. e6 c3 51. e7 c2 52. e8Q c1Q 1/2-1/2

[Event "Steyr Landesliga 1314"]
[Site "Austria"]
[Date "2013.09.28"]
[Round "1.8"]
[White "Lafer, David"]
[Black "Fahrner, Simon"]
[Result "1/2-1/2"]
[WhiteElo "1543"]
[BlackElo "1478"]
[PlyCount "43"]
[EventDate "2013.09.28"]
[EventType "team-tourn"]
[EventRounds "11"]
[EventCountry "AUT"]
[SourceTitle "EXT 2015"]
[Source "ChessBase"]
[SourceDate "2014.11.20"]
[SourceVersion "1"]
[SourceVersionDate "2014.11.20"]
[SourceQuality "1"]
[WhiteTeam "Feldbach Kirchberg"]
[BlackTeam "Graz Austria"]
[WhiteTeamCountry "AUT"]
[BlackTeamCountry "AUT"]

1. e4 e5 2. Nf3 Nc6 3. d4 exd4 4. Nxd4 Nf6 5. Nxc6 bxc6 6. Bd3 Bc5 7. e5 Qe7 8. 0-0 Nd5 9. Kh1 0-0 10. f4 d6 11. Qe1 Rb8 12. a3 Qd7 13. c4 Ne7 14. b4 Bb6 15. Qe4 g6 16. exd6 cxd6 17. Bb2 Re8 18. c5 Nf5 19. Qc4 dxc5 20. Qc3 Qd4 21. Qb3 Qe3 22. Qc3 1/2-1/2

[Event "Steyr Landesliga 1213"]
[Site "Austria"]
[Date "2013.04.27"]
[Round "10.8"]
[White "Hollauf, Gerd"]
[Black "Fahrner, Simon"]
[Result "1-0"]
[WhiteElo "1703"]
[BlackElo "1449"]
[PlyCount "75"]
[EventDate "2012.09.22"]
[EventType "team-tourn"]
[EventRounds "11"]
[EventCountry "AUT"]
[SourceTitle "EXT 2014"]
[Source "ChessBase"]
[SourceDate "2013.11.20"]
[SourceVersion "1"]
[SourceVersionDate "2013.11.20"]
[SourceQuality "1"]
[WhiteTeam "Hartberg"]
[BlackTeam "Graz Austria"]
[WhiteTeamCountry "AUT"]
[BlackTeamCountry "AUT"]

1. f4 e6 2. Nf3 d5 3. e3 Nf6 4. Nc3 Nc6 5. Bb5 Bd7 6. 0-0 a6 7. Bxc6 Bxc6 8. b3 Bd6 9. Bb2 0-0 10. Qe1 Re8 11. Ne2 Bb5 12. d3 c5 13. c4 Bc6 14. Rd1 b5 15. Ne5 Bb7 16. Qg3 Bf8 17. Rf2 Nd7 18. Ng4 Qc7 19. Nh6+ Kh8 20. Nxf7+ Kg8 21. Nh6+ Kh8 22. Ng4 Be7 23. Qh3 Rf8 24. Ng3 Nf6 25. Ne5 Kg8 26. Qxe6+ Kh8 27. Nf7+ Kg8 28. Ng5+ Kh8 29. Qh3 Bc8 30. f5 h6 31. cxd5 Bb7 32. Ne6 Qd7 33. e4 Rg8 34. Nh5 Rae8 35. Nxf6 Bxf6 36. Bxf6 gxf6 37. Qxh6+ Qh7 38. Qxf6+ 1-0